000 00757nam a2200229 a 4500
001 12806
003 BD-JhCC
005 20230514195704.0
008 230514b19782017ii |||| ||a| 00| 0 ben d
020 _a9788170669227
035 _a(BD-JhCC)12806
040 _aBD-JhCC
_dBD-JhCC
041 _aBengali
082 _a891.443
_bGAN 2017
100 _aগঙ্গোপাধ্যায়, সুনীল
245 _aহলদে বাড়ির রহস্য ও দিনে ডাকাতি /
_cসুনীল গঙ্গোপাধ্যায়।
260 _aকলকতা:
_bআনন্দ পাবলিশার্স ;
_c২০১৭.
300 _a79 p. :
_c22 cm.
650 _aNovel
942 _2ddc
_cBK
999 _c12806
_d12806